Normal view
MARC view
Entry Meeting Name
001 - CONTROL NUMBER
- control field: 19667
003 - CONTROL NUMBER IDENTIFIER
- control field: OSt
005 - DATE AND TIME OF LATEST TRANSACTION
- control field: 20211105134425.0
008 - FIXED-LENGTH DATA ELEMENTS
- fixed length control field: 211105|| aca||aabn | a|a d
040 ## - CATALOGING SOURCE
- Original cataloging agency: OSt
- Transcribing agency: OSt
111 ## - HEADING--MEETING NAME
- Meeting name or jurisdiction name as entry element: NATO ASI Workshop on the Impact of Long-Term Monitoring on Variable Star Research, Astrophysics, instrumentation, Data Handling, Archiving
- Location of meeting: Ghent
- Date of meeting or treaty signing: 1993 Nov. 15-18
670 ## - SOURCE DATA FOUND
- Source citation: Work cat.: (OSt): NATO ASI Workshop on the Impact of Long-Term Monitoring on Variable Star Research, Astrophysics, instrumentation, Data Handling, Archiving Ghent 1993 Nov. 15-18, The impact of long-term monitoring on Variable Star Research, 1994